[Event "FICGS rapid C 000136 email"]
[Site "FICGS email"]
[Date "2017.01.04"]
[Round "1"]
[White "Louro, Eugenio Diogo"]
[Black "Parwicz, Witold"]
[Result "0-1"]
[WhiteElo "1524"]
[BlackElo "1918"]
[PlyCount "74"]
[EventDate "2017.??.??"]
[EventType "tourn (rapid)"]
[EventRounds "4"]
[SourceTitle "Corr 2022"]
[Source "ChessBase"]
[SourceDate "2021.10.24"]
[SourceVersion "1"]
[SourceVersionDate "2021.10.24"]
[SourceQuality "1"]

1. e4 c5 2. c3 Nf6 3. Bd3 Nc6 4. Bc2 d5 5. exd5 Qxd5 6. Qf3 Be6 7. d3 Bf5 8. Qxd5 Nxd5 9. Nf3 Rd8 10. Nh4 Bc8 11. 0-0 e5 12. Re1 Be7 13. Nf3 f6 14. a3 Bf5 15. b4 Nc7 16. Rd1 c4 17. Ne1 0-0 18. a4 cxd3 19. Bxd3 Bxd3 20. Rxd3 e4 21. Rd2 f5 22. Raa2 Nd5 23. Rac2 Ne5 24. a5 a6 25. g3 Bf6 26. h4 Rd7 27. Re2 h6 28. Bd2 Rc8 29. Kg2 g5 30. hxg5 hxg5 31. Rc1 Rh7 32. c4 Rxc4 33. Rxc4 Nxc4 34. Nc2 Rc7 35. Kf1 Nxd2+ 36. Rxd2 e3 37. Re2 f4 0-1

[Event "FICGS rapid C 000135 email"]
[Site "FICGS email"]
[Date "2016.10.08"]
[Round "1"]
[White "Parwicz, Witold"]
[Black "Giandomenico, Alfonso"]
[Result "1-0"]
[WhiteElo "1865"]
[BlackElo "1590"]
[PlyCount "55"]
[EventDate "2016.??.??"]
[EventType "tourn (rapid)"]
[EventRounds "4"]
[SourceTitle "Corr 2022"]
[Source "ChessBase"]
[SourceDate "2021.10.24"]
[SourceVersion "1"]
[SourceVersionDate "2021.10.24"]
[SourceQuality "1"]

1. d4 d5 2. c4 e6 3. Nc3 Nf6 4. cxd5 Nxd5 5. e4 Nxc3 6. bxc3 c5 7. Nf3 cxd4 8. cxd4 Qa5+ 9. Bd2 Bb4 10. Rb1 Bxd2+ 11. Qxd2 Qxd2+ 12. Kxd2 0-0 13. Bd3 b6 14. Rhc1 Ba6 15. Bxa6 Nxa6 16. Ne5 Rac8 17. a4 Nb8 18. Ke3 f6 19. Nc4 Nc6 20. Nd6 Rc7 21. Rc2 Rd8 22. Nb5 Rcc8 23. Rbc1 Ne7 24. Nxa7 Rxc2 25. Rxc2 f5 26. Rc7 Kf8 27. Rxe7 Kxe7 28. Nc6+ 1-0

[Event "IECG CP.2009.P.00022 email"]
[Site "IECG email"]
[Date "2009.10.01"]
[Round "?"]
[White "Parwicz, Witold"]
[Black "Washburn, David"]
[Result "1-0"]
[WhiteElo "2008"]
[BlackElo "1381"]
[PlyCount "31"]
[EventDate "2009.10.01"]
[EventType "tourn (corr)"]
[EventRounds "6"]
[EventCountry "ARG"]
[SourceTitle "Corr 2024"]
[Source "ChessBase"]
[SourceDate "2023.10.19"]
[SourceVersion "1"]
[SourceVersionDate "2023.10.19"]
[SourceQuality "1"]

1. d4 Nf6 2. Bg5 d5 3. e3 Bf5 4. Nd2 Nbd7 5. Ngf3 e6 6. c4 h6 7. Bh4 Be7 8. Qb3 b6 9. cxd5 exd5 10. Bb5 Be6 11. Ne5 g5 12. Nc6 Qc8 13. Bg3 a6 14. Nxe7 Kxe7 15. Bc6 Rb8 16. Qa3+ 1-0

[Event "FICGS class C 000111 email"]
[Site "FICGS email"]
[Date "2009.04.03"]
[Round "1"]
[White "Montes De Oca, Jose"]
[Black "Parwicz, Witold"]
[Result "0-1"]
[WhiteElo "1700"]
[BlackElo "2000"]
[PlyCount "32"]
[EventDate "2009.??.??"]
[EventType "tourn (corr)"]
[EventRounds "4"]
[SourceTitle "Corr 2022"]
[Source "ChessBase"]
[SourceDate "2021.10.24"]
[SourceVersion "1"]
[SourceVersionDate "2021.10.24"]
[SourceQuality "1"]

1. c4 c5 2. Nf3 Nc6 3. Nc3 e5 4. e3 Nf6 5. a3 d5 6. cxd5 Nxd5 7. Bb5 Nxc3 8. bxc3 Bd6 9. 0-0 e4 10. Qa4 Bf5 11. d4 exf3 12. Bxc6+ bxc6 13. Qxc6+ Kf8 14. Qxf3 Bg6 15. e4 Qf6 16. Qe3 Qe6 0-1

[Event "IECG CP.2005.S.00007"]
[Site "IECG email"]
[Date "2008.04.12"]
[Round "?"]
[White "Belov, Dmitry"]
[Black "Parwicz, Witold"]
[Result "0-1"]
[WhiteElo "2088"]
[BlackElo "2040"]
[PlyCount "118"]
[EventDate "2008.04.12"]
[EventType "tourn (corr)"]
[EventRounds "6"]
[SourceTitle "Corr 2024"]
[Source "ChessBase"]
[SourceDate "2023.10.19"]
[SourceVersion "1"]
[SourceVersionDate "2023.10.19"]
[SourceQuality "1"]

1. e4 c5 2. Nf3 Nc6 3. d4 cxd4 4. Nxd4 Nf6 5. Nc3 e5 6. Ndb5 d6 7. Bg5 a6 8. Na3 b5 9. Nd5 Be7 10. Nxe7 Nxe7 11. Bxf6 gxf6 12. c4 Bb7 13. cxb5 Bxe4 14. bxa6 0-0 15. Qd2 d5 16. Be2 Ng6 17. f3 Bf5 18. 0-0 Qb6+ 19. Rf2 Rfd8 20. b4 Rab8 21. b5 Nf4 22. Bf1 Rbc8 23. Rd1 Rd7 24. g3 Nh3+ 25. Bxh3 Bxh3 26. Qh6 Bf5 27. Qh5 Bg6 28. Qg4 Rdc7 29. Kg2 Qa5 30. b6 h5 31. Rxd5 Qxa3 32. Rd8+ Rxd8 33. bxc7 Rf8 34. Qc4 Bf5 35. Qc6 Kg7 36. g4 Be6 37. gxh5 Kh6 38. Kh1 Rc8 39. Rg2 f5 40. h3 e4 41. f4 Qf3 42. Kg1 Qe3+ 43. Kh1 Qxh3+ 44. Kg1 Qe3+ 45. Kh1 Qf3 46. Kg1 Qa3 47. Kh2 Qe3 48. Kh1 Qd3 49. Kh2 Qc4 50. Qxc4 Bxc4 51. a7 e3 52. Kg3 e2 53. Kf2 Bd5 54. Rg5 Be4 55. Kxe2 Rxc7 56. a8Q Bxa8 57. Rxf5 Be4 58. Rf6+ Kxh5 59. Ke3 Bg6 0-1

[Event "IECG CP.2005.S.00007"]
[Site "IECG email"]
[Date "2008.04.12"]
[Round "?"]
[White "Brousek, Jiri"]
[Black "Parwicz, Witold"]
[Result "1/2-1/2"]
[WhiteElo "2270"]
[BlackElo "2040"]
[PlyCount "43"]
[EventDate "2008.04.12"]
[EventType "tourn (corr)"]
[EventRounds "6"]
[SourceTitle "Corr 2024"]
[Source "ChessBase"]
[SourceDate "2023.10.19"]
[SourceVersion "1"]
[SourceVersionDate "2023.10.19"]
[SourceQuality "1"]

1. d4 Nf6 2. Nf3 g6 3. Nc3 d5 4. Bf4 Bg7 5. e3 0-0 6. Be2 c6 7. h3 Nbd7 8. 0-0 Re8 9. a4 a5 10. Re1 b6 11. Qd2 Ne4 12. Nxe4 dxe4 13. Ng5 Nf6 14. Bc4 e6 15. f3 Nd5 16. c3 Nxf4 17. exf4 exf3 18. Nxf3 Bb7 19. Ne5 Qc7 20. Qe2 Rad8 21. Rad1 Rd6 22. Ba6 1/2-1/2

[Event "IECG CP.2006.Q.00016 email"]
[Site "IECG email"]
[Date "2008.01.15"]
[Round "?"]
[White "Baumann, Dariusz"]
[Black "Parwicz, Witold"]
[Result "1/2-1/2"]
[WhiteElo "1964"]
[BlackElo "2043"]
[PlyCount "110"]
[EventDate "2008.01.15"]
[EventType "tourn (corr)"]
[EventRounds "6"]
[SourceTitle "Corr 2024"]
[Source "ChessBase"]
[SourceDate "2023.10.19"]
[SourceVersion "1"]
[SourceVersionDate "2023.10.19"]
[SourceQuality "1"]

1. e4 c5 2. Nf3 Nc6 3. Bb5 g6 4. 0-0 Bg7 5. c3 Nf6 6. Re1 0-0 7. d4 d5 8. e5 Ne4 9. Bxc6 bxc6 10. Nbd2 cxd4 11. cxd4 c5 12. dxc5 Nxc5 13. Nb3 Nxb3 14. Qxb3 Bg4 15. Nd4 Qb6 16. Qxb6 axb6 17. a4 Rfc8 18. b3 h6 19. f4 f6 20. Ba3 e6 21. Bd6 fxe5 22. Bxe5 Rc3 23. h3 Rd3 24. Bxg7 Kxg7 25. hxg4 Rxd4 26. Rxe6 Rb4 27. Rc1 Rf8 28. Rcc6 Rfxf4 29. Rxg6+ Kf7 30. Rxb6 Rxb3 31. a5 Rxb6 32. Rxb6 Kg7 33. Rb5 Rxg4 34. Kf2 Rd4 35. Ke3 Rd1 36. Kf4 h5 37. Ke5 d4 38. Ke4 h4 39. Rb7+ Kf6 40. a6 Ra1 41. Rb6+ Kg5 42. Kxd4 Ra2 43. Kc5 Rxg2 44. Rb5 Kg4 45. Ra5 Rc2+ 46. Kb6 h3 47. a7 Rc8 48. a8Q Rxa8 49. Rxa8 h2 50. Rh8 Kg3 51. Kc5 Kg2 52. Rg8+ Kf1 53. Rh8 Kg2 54. Kd4 h1Q 55. Rxh1 Kxh1 1/2-1/2

[Event "IECG CP.2006.Q.00016 email"]
[Site "IECG email"]
[Date "2008.01.15"]
[Round "?"]
[White "Parwicz, Witold"]
[Black "Kudryavtsev, Yaroslav"]
[Result "1-0"]
[WhiteElo "2043"]
[BlackElo "1931"]
[PlyCount "97"]
[EventDate "2008.01.15"]
[EventType "tourn (corr)"]
[EventRounds "6"]
[SourceTitle "Corr 2024"]
[Source "ChessBase"]
[SourceDate "2023.10.19"]
[SourceVersion "1"]
[SourceVersionDate "2023.10.19"]
[SourceQuality "1"]

1. d4 Nf6 2. c4 g6 3. Nc3 d5 4. Nf3 Bg7 5. Qb3 dxc4 6. Qxc4 0-0 7. e4 Na6 8. Be2 c5 9. d5 e6 10. 0-0 exd5 11. exd5 Bf5 12. Be3 Re8 13. Rad1 Qb6 14. Qb5 Ne4 15. Nxe4 Bxe4 16. Rd2 Rad8 17. Qxb6 axb6 18. Bb5 Rf8 19. d6 h6 20. d7 Bc6 21. Bxc6 bxc6 22. Bf4 f6 23. Re1 Kf7 24. Bd6 Rxd7 25. Bxf8 Rxd2 26. Nxd2 Bxf8 27. Rd1 Nb4 28. a4 Ke6 29. Nc4 Nd5 30. a5 bxa5 31. Nxa5 Nb4 32. Nb7 f5 33. Kf1 Be7 34. b3 h5 35. Nd8+ Bxd8 36. Rxd8 Nc2 37. Re8+ Kf6 38. Rb8 Ke5 39. Ke2 Nd4+ 40. Kd3 h4 41. Rg8 Ne6 42. g3 hxg3 43. fxg3 g5 44. h4 gxh4 45. gxh4 Kf6 46. Ke3 Kf7 47. Rg2 Nc7 48. h5 Nd5+ 49. Kf3 1-0

[Event "IECG WC.2006.F.00002 email"]
[Site "IECG email"]
[Date "2007.09.12"]
[Round "?"]
[White "Horbach, Frank"]
[Black "Parwicz, Witold"]
[Result "1/2-1/2"]
[WhiteElo "2083"]
[BlackElo "2032"]
[PlyCount "57"]
[EventDate "2007.09.12"]
[EventType "tourn (corr)"]
[EventRounds "6"]
[SourceTitle "Corr 2024"]
[Source "ChessBase"]
[SourceDate "2023.10.19"]
[SourceVersion "1"]
[SourceVersionDate "2023.10.19"]
[SourceQuality "1"]

1. c4 c5 2. Nc3 Nc6 3. Nf3 Nf6 4. d4 cxd4 5. Nxd4 e6 6. Ndb5 d5 7. cxd5 Nxd5 8. Nxd5 exd5 9. Qxd5 Bb4+ 10. Bd2 Qe7 11. a3 Bxd2+ 12. Qxd2 0-0 13. Qf4 Rd8 14. Rc1 Be6 15. e4 Rac8 16. Be2 a6 17. Nc3 Nd4 18. Bd3 Bc4 19. Bxc4 Rxc4 20. Qe3 Nb5 21. e5 Re8 22. f4 Qh4+ 23. g3 Qh3 24. Kf2 Nxc3 25. Rxc3 b5 26. b3 Rxc3 27. Qxc3 g5 28. Qf3 Rc8 29. f5 1/2-1/2

[Event "IECG WC.2006.F.00002 email"]
[Site "IECG email"]
[Date "2007.09.12"]
[Round "?"]
[White "Parwicz, Witold"]
[Black "Halwick Jr, Floyd J"]
[Result "0-1"]
[WhiteElo "2032"]
[BlackElo "2241"]
[PlyCount "178"]
[EventDate "2007.09.12"]
[EventType "tourn (corr)"]
[EventRounds "6"]
[SourceTitle "Corr 2024"]
[Source "ChessBase"]
[SourceDate "2023.10.19"]
[SourceVersion "1"]
[SourceVersionDate "2023.10.19"]
[SourceQuality "1"]

1. d4 Nf6 2. Bg5 e6 3. e4 h6 4. Bxf6 Qxf6 5. Nc3 Bb4 6. Qd2 d6 7. a3 Ba5 8. Nf3 Nd7 9. Be2 c6 10. b4 Bc7 11. 0-0 0-0 12. Rad1 a6 13. a4 Re8 14. Rfe1 e5 15. a5 exd4 16. Nxd4 Nf8 17. Nf3 Ne6 18. Bf1 Nf4 19. Re3 Bg4 20. Rde1 Rac8 21. Nd4 Ng6 22. h3 Bd7 23. Rd1 Rcd8 24. Nb3 Bc8 25. Qd4 Qg5 26. Ne2 Bb8 27. Qb6 Rd7 28. c4 Rde7 29. Nbd4 Bc7 30. Qa7 Nh4 31. Nc3 f5 32. Rde1 Kh7 33. R1e2 f4 34. Rd3 Bd8 35. Qb8 c5 36. Nf3 Nxf3+ 37. Rxf3 Bc7 38. Qa7 cxb4 39. Nd5 Rf7 40. Ra2 Rxe4 41. Bd3 Bf5 42. Kh2 Re1 43. Qd4 Bxd3 44. Qxd3+ Kg8 45. Qb3 Bd8 46. Nxb4 Qe7 47. Qc2 Rf1 48. Qd2 Qe4 49. Nd3 g5 50. Rc2 Ra1 51. Qc3 Bf6 52. Qd2 Bd8 53. Qc3 Rxa5 54. Rc1 Qf5 55. Re1 Bf6 56. Qb4 Ra1 57. Rxa1 Bxa1 58. Qxd6 Bg7 59. Qd8+ Kh7 60. Qe8 Rd7 61. Qe2 Rd4 62. Nb2 Qe5 63. Qc2+ Kh8 64. c5 Qd5 65. Rb3 f3 66. Re3 Be5+ 67. Kh1 fxg2+ 68. Kg1 Kg7 69. Qb3 g4 70. Qxd5 Rxd5 71. Nd3 Bd4 72. Rg3 Bxc5 73. Nf4 Rf5 74. Nd3 Bd6 75. Rxg4+ Kf7 76. Kxg2 b5 77. Kf1 a5 78. Rd4 Ke6 79. Ke2 a4 80. Kd2 Rh5 81. Nf4+ Bxf4+ 82. Rxf4 a3 83. Kc2 Rxh3 84. Rd4 Rf3 85. Kb1 Rxf2 86. Ka1 Kf5 87. Rd5+ Kg4 88. Rxb5 Rf4 89. Ka2 h5 0-1

[Event "IECG WC.2006.F.00002 email"]
[Site "IECG email"]
[Date "2007.09.12"]
[Round "?"]
[White "Parwicz, Witold"]
[Black "Warren, Robert"]
[Result "0-1"]
[WhiteElo "2032"]
[BlackElo "2088"]
[PlyCount "136"]
[EventDate "2007.09.12"]
[EventType "tourn (corr)"]
[EventRounds "6"]
[SourceTitle "Corr 2024"]
[Source "ChessBase"]
[SourceDate "2023.10.19"]
[SourceVersion "1"]
[SourceVersionDate "2023.10.19"]
[SourceQuality "1"]

1. d4 d5 2. c4 c6 3. cxd5 cxd5 4. Nc3 Nf6 5. Bf4 Nc6 6. Nf3 Bf5 7. e3 e6 8. Bb5 Nd7 9. Qa4 Rc8 10. 0-0 a6 11. Bxc6 Rxc6 12. Rfc1 Be7 13. Nd1 b5 14. Qb3 Rc4 15. Nd2 Rc8 16. a4 b4 17. f3 0-0 18. e4 dxe4 19. Rxc8 Qxc8 20. fxe4 e5 21. exf5 exf4 22. Nf2 Nf6 23. Re1 Re8 24. Qd3 h5 25. a5 Bf8 26. Rxe8 Nxe8 27. Nd1 Nd6 28. f6 g6 29. Nf3 Ne8 30. Ne5 Nxf6 31. Qb3 Qe8 32. Nf2 Bd6 33. Nfd3 Ng4 34. Qd5 Bxe5 35. Nxe5 Nxe5 36. dxe5 Qc8 37. Qd4 Qc1+ 38. Kf2 b3 39. h4 Kh7 40. Ke2 Qh1 41. Qf2 Kg8 42. Qf3 Qa1 43. Qc3 Qg1 44. Qf3 Qc5 45. Qxb3 Qxa5 46. Qb8+ Kg7 47. b4 Qd5 48. Kf2 Qd4+ 49. Kf1 Qd1+ 50. Kf2 Qd2+ 51. Kf1 Qc1+ 52. Kf2 Qe3+ 53. Kf1 f3 54. gxf3 Qxf3+ 55. Kg1 Qg4+ 56. Kf1 Qxh4 57. Qd6 Qh3+ 58. Kg1 Qe6 59. Qd3 Qb6+ 60. Kg2 Qxb4 61. Qxa6 Qe4+ 62. Kg1 Qxe5 63. Qd3 h4 64. Qd7 Qg3+ 65. Kh1 Qf3+ 66. Kg1 Kh6 67. Qd4 Kh5 68. Qh8+ Kg4 0-1

[Event "IECG CP.2005.Q.00028 email"]
[Site "IECG email"]
[Date "2007.01.15"]
[Round "?"]
[White "Parwicz, Witold"]
[Black "Belov, Dmitry"]
[Result "1-0"]
[WhiteElo "2033"]
[BlackElo "2092"]
[PlyCount "65"]
[EventDate "2007.01.15"]
[EventType "tourn (corr)"]
[EventRounds "6"]
[EventCountry "RUS"]
[SourceTitle "Corr 2011"]
[Source "ChessBase"]
[SourceDate "2010.08.31"]
[SourceVersion "1"]
[SourceVersionDate "2010.08.31"]
[SourceQuality "1"]

1. d4 Nf6 2. c4 g6 3. Nc3 d5 4. Nf3 Bg7 5. Qb3 dxc4 6. Qxc4 0-0 7. e4 a6 8. e5 b5 9. Qb3 Nfd7 10. h4 c5 11. e6 c4 12. Qd1 Nb6 13. exf7+ Rxf7 14. h5 Nc6 15. hxg6 hxg6 16. Be3 Bg4 17. Be2 Nb4 18. Ng5 Nd3+ 19. Kf1 Bxe2+ 20. Qxe2 Rf5 21. Ne6 Qc8 22. Nxg7 Kxg7 23. Kg1 Qc6 24. Ne4 Nd7 25. g4 Rf7 26. Ng5 Rf6 27. Rh7+ Kg8 28. f3 Kf8 29. Bd2 e5 30. f4 e4 31. f5 Qd5 32. Rf1 Qxd4+ 33. Be3 1-0

[Event "IECG CP.2006.P.00004 email"]
[Site "IECG email"]
[Date "2006.10.01"]
[Round "?"]
[White "Davidson, Allan D"]
[Black "Parwicz, Witold"]
[Result "0-1"]
[WhiteElo "598"]
[BlackElo "2080"]
[PlyCount "64"]
[EventDate "2006.10.01"]
[EventType "tourn (corr)"]
[EventRounds "6"]
[SourceTitle "Corr 2011"]
[Source "ChessBase"]
[SourceDate "2010.08.31"]
[SourceVersion "1"]
[SourceVersionDate "2010.08.31"]
[SourceQuality "1"]

1. e4 e6 2. Nf3 d5 3. d3 dxe4 4. dxe4 Qxd1+ 5. Kxd1 Nf6 6. Nc3 Bc5 7. Be3 Bxe3 8. fxe3 a6 9. h3 b5 10. b4 Bb7 11. Bd3 Nbd7 12. e5 Bxf3+ 13. gxf3 Nxe5 14. Ne4 Nd5 15. Re1 Nxf3 16. Rf1 Nxe3+ 17. Ke2 Nxf1 18. Kxf1 Ne5 19. Be2 a5 20. Bxb5+ c6 21. Bd3 axb4 22. Nc5 Ke7 23. Ke2 Rhd8 24. Nb7 Rd5 25. Rd1 Rxa2 26. Be4 Rxd1 27. Kxd1 f5 28. Bd3 Nxd3 29. cxd3 b3 30. Kc1 f4 31. Nc5 Rc2+ 32. Kb1 Rxc5 0-1

[Event "IECG TE.2006.S.01906"]
[Site "IECG email"]
[Date "2006.08.19"]
[Round "1"]
[White "Ong, Allan C"]
[Black "Parwicz, Witold"]
[Result "0-1"]
[WhiteElo "891"]
[BlackElo "2080"]
[PlyCount "66"]
[EventDate "2006.08.19"]
[EventType "tourn (corr)"]
[EventRounds "2"]
[SourceTitle "Corr 2024"]
[Source "ChessBase"]
[SourceDate "2023.10.19"]
[SourceVersion "1"]
[SourceVersionDate "2023.10.19"]
[SourceQuality "1"]

1. d4 d5 2. e4 dxe4 3. Nc3 c6 4. f3 exf3 5. Nxf3 Bg4 6. h3 Bxf3 7. Qxf3 Qxd4 8. Be3 Qh4+ 9. g3 Qf6 10. Qg4 Nd7 11. 0-0-0 e6 12. Ne4 Qg6 13. Qf4 e5 14. Qf3 f5 15. Nc3 Bb4 16. Bd2 0-0-0 17. Bc4 e4 18. Qf2 Bc5 19. Be3 Bxe3+ 20. Qxe3 Qh6 21. Qd2 Ne5 22. Qxh6 Nxh6 23. Rxd8+ Rxd8 24. Be6+ Kc7 25. g4 g6 26. gxf5 gxf5 27. Rg1 Rd6 28. Rg7+ Kd8 29. Bb3 e3 30. Ne2 Rd2 31. Rg2 b5 32. a3 Nf3 33. Rg7 Rxe2 0-1

[Event "IECC CL2-2006.07 email"]
[Site "IECC email"]
[Date "2006.07.31"]
[Round "?"]
[White "Agulnick, Michael"]
[Black "Parwicz, Witold"]
[Result "1/2-1/2"]
[WhiteElo "2009"]
[BlackElo "2046"]
[PlyCount "105"]
[EventDate "2006.??.??"]
[EventType "tourn (corr)"]
[EventRounds "4"]
[SourceTitle "Corr 2015"]
[Source "ChessBase"]
[SourceDate "2015.07.17"]
[SourceVersion "1"]
[SourceVersionDate "2015.07.17"]
[SourceQuality "1"]
[WhiteTeam "US of America"]
[BlackTeam "Poland"]
[WhiteTeamCountry "USA"]
[BlackTeamCountry "POL"]

1. e4 e6 2. d4 d5 3. e5 c5 4. c3 Nc6 5. Nf3 Bd7 6. a3 c4 7. b4 cxb3 8. Qxb3 Na5 9. Qc2 Rc8 10. Bd3 Qb6 11. Nbd2 Ne7 12. 0-0 Qc6 13. Bb2 Ng6 14. g3 Be7 15. h4 Qc7 16. h5 Nf8 17. a4 Bc6 18. Ba3 Bxa3 19. Rxa3 f5 20. exf6 gxf6 21. Re1 Qf7 22. c4 Qxh5 23. cxd5 Qxd5 24. Rc3 Kf7 25. Rc1 Qd8 26. Be4 Ng6 27. Qd3 Kg7 28. d5 exd5 29. Nd4 Re8 30. Bf5 Ne5 31. Qe2 Rc7 32. Qh5 Kh8 33. Ne6 Rxe6 34. Bxe6 d4 35. R3c2 Re7 36. Qf5 Rg7 37. Ne4 Rg6 38. Rc5 Nd3 39. Rd5 Qf8 40. Nxf6 Rxf6 41. Qxd3 Rxe6 42. Qxd4+ Kg8 43. Rg5+ Rg6 44. Rxa5 Qf3 45. Rxc6 Rxc6 46. Rg5+ Rg6 47. Qd8+ Qf8 48. Rd5 Qxd8 49. Rxd8+ Kg7 50. Rd7+ Kh6 51. Rxb7 Ra6 52. Rb5 Rxa4 53. Kg2 1/2-1/2

[Event "IECC CL3-2005.09 email"]
[Site "IECC email"]
[Date "2005.08.08"]
[Round "?"]
[White "Holanda, Dogeval Ferreira"]
[Black "Parwicz, Witold"]
[Result "0-1"]
[WhiteElo "1917"]
[BlackElo "1944"]
[PlyCount "118"]
[EventDate "2005.??.??"]
[EventType "tourn (corr)"]
[EventRounds "4"]
[SourceTitle "Corr 2008"]
[Source "ChessBase"]
[SourceDate "2008.06.24"]
[SourceVersion "1"]
[SourceVersionDate "2008.06.24"]
[SourceQuality "1"]

1. d4 Nf6 2. Nf3 g6 3. c4 Bg7 4. Nc3 0-0 5. e4 d6 6. Be2 e5 7. dxe5 dxe5 8. Qxd8 Rxd8 9. Bg5 Nbd7 10. Rd1 Rf8 11. Nd5 c6 12. Ne7+ Kh8 13. Be3 Re8 14. Nxc8 Rexc8 15. c5 h6 16. Bc4 Kg8 17. Nh4 Kf8 18. Ke2 Ke8 19. f3 Bf8 20. b4 a5 21. a3 axb4 22. axb4 Ra4 23. Rb1 Nxc5 24. Bxc5 Bxc5 25. Nxg6 fxg6 26. Be6 Rb8 27. bxc5 Ke7 28. Bh3 Ra5 29. Rbc1 Ra2+ 30. Ke3 b5 31. cxb6 Rxb6 32. Kd3 Nh5 33. g3 Rb3+ 34. Rc3 Rxc3+ 35. Kxc3 Ra3+ 36. Kd2 Rxf3 37. Bg4 Ra3 38. Bxh5 gxh5 39. Ke2 h4 40. gxh4 Rh3 41. h5 Kd6 42. Rd1+ Kc7 43. Rh1 Kb6 44. Rb1+ Kc5 45. Rc1+ Kb5 46. Rb1+ Kc4 47. Rc1+ Rc3 48. Rd1 Kc5 49. Kf2 Rh3 50. Rc1+ Kb6 51. Rb1+ Kc7 52. Kg2 Rxh5 53. Kg3 Rg5+ 54. Kf3 h5 55. Rc1 Rg4 56. Rc5 Kd6 57. Rc2 Rf4+ 58. Ke3 Rh4 59. Rd2+ Kc7 0-1

[Event "IECC CL3-2005.09 email"]
[Site "IECC email"]
[Date "2005.08.08"]
[Round "?"]
[White "Parwicz, Witold"]
[Black "Koolsbergen, Nico"]
[Result "1-0"]
[WhiteElo "1930"]
[BlackElo "1898"]
[PlyCount "75"]
[EventDate "2005.??.??"]
[EventType "tourn (corr)"]
[EventRounds "4"]
[SourceTitle "Corr 2008"]
[Source "ChessBase"]
[SourceDate "2008.06.24"]
[SourceVersion "1"]
[SourceVersionDate "2008.06.24"]
[SourceQuality "1"]

1. d4 Nf6 2. c4 g6 3. Nc3 Bg7 4. e4 d6 5. Nf3 0-0 6. Be2 e5 7. 0-0 Nbd7 8. Re1 c6 9. Bf1 exd4 10. Nxd4 Re8 11. Bf4 Nc5 12. Qc2 Ng4 13. Rad1 Be5 14. Bg3 Bxg3 15. hxg3 a5 16. Nf3 Re6 17. Qd2 Qb6 18. Qd4 Qxb2 19. e5 Bd7 20. Rd2 Qb4 21. a3 Qxa3 22. Ra2 Qb3 23. Rb1 dxe5 24. Nxe5 Qxb1 25. Nxb1 Rxe5 26. f3 Re1 27. Nd2 b6 28. fxg4 Rd1 29. Qb2 Ra6 30. g5 a4 31. Qe5 Rc1 32. Qb8+ Kg7 33. Qf4 Re1 34. Nf3 Re6 35. Ne5 Be8 36. Ng4 Nd7 37. Nf6 Nxf6 38. gxf6+ 1-0

[Event "IECG TE.2005.P.01922"]
[Site "IECG email"]
[Date "2005.06.19"]
[Round "?"]
[White "Hendershot, Paul"]
[Black "Parwicz, Witold"]
[Result "0-1"]
[WhiteElo "701"]
[BlackElo "1840"]
[PlyCount "70"]
[EventDate "2005.05.19"]
[EventType "tourn (corr)"]
[EventRounds "8"]
[SourceTitle "Corr 2008"]
[Source "ChessBase"]
[SourceDate "2008.06.24"]
[SourceVersion "1"]
[SourceVersionDate "2008.06.24"]
[SourceQuality "1"]

1. d4 d5 2. e4 dxe4 3. Nc3 Nf6 4. Bc4 Nc6 5. Nge2 Na5 6. b3 c6 7. Ng3 Nxc4 8. bxc4 Qa5 9. Bd2 Qa6 10. c5 Qc4 11. Nce2 e5 12. dxe5 Ng4 13. h3 Nxe5 14. Bc3 f6 15. Bd4 Be6 16. Nxe4 0-0-0 17. 0-0 Bf5 18. f3 Bxe4 19. fxe4 Rxd4 20. Nxd4 Bxc5 21. Rb1 Qxd4+ 22. Qxd4 Bxd4+ 23. Kh1 Nc4 24. Rfd1 Bc5 25. Rb3 Re8 26. Rdb1 Nd2 27. Rxb7 Nxb1 28. Rxb1 Rxe4 29. c3 a5 30. Rf1 Ra4 31. Rf5 Bb6 32. g3 Rxa2 33. Rh5 a4 34. Rxh7 a3 35. Rh4 Rc2 0-1

[Event "IECG TE.2005.P.01922"]
[Site "IECG email"]
[Date "2005.06.19"]
[Round "?"]
[White "Parwicz, Witold"]
[Black "Wurm, Tamas"]
[Result "1-0"]
[WhiteElo "1840"]
[BlackElo "1075"]
[PlyCount "45"]
[EventDate "2005.05.19"]
[EventType "tourn (corr)"]
[EventRounds "8"]
[SourceTitle "Corr 2008"]
[Source "ChessBase"]
[SourceDate "2008.06.24"]
[SourceVersion "1"]
[SourceVersionDate "2008.06.24"]
[SourceQuality "1"]

1. d4 d5 2. e4 dxe4 3. Nc3 Nf6 4. f3 exf3 5. Nxf3 c6 6. Bc4 Bf5 7. Ne5 e6 8. g4 Bg6 9. Bg5 Nbd7 10. Qe2 Bb4 11. Nxd7 Qxd7 12. Bxf6 gxf6 13. 0-0-0 0-0-0 14. Ne4 Qe7 15. h4 h5 16. g5 fxg5 17. Nxg5 Bd6 18. Rhf1 Bg3 19. Nxf7 Bxh4 20. Nxh8 Rxh8 21. Bxe6+ Kd8 22. d5 Bg5+ 23. Kb1 1-0